Anagrammes des pays d'Amérique du sud - Statistiques

Statistiques générales
  • Ce quiz a été pris 197 fois
  • Le résultat moyen est 11 sur 12
Statistiques - réponses
Hint Réponse % Correct
iilhc Chili
99%
iilevob Bolivie
98%
upoér Pérou
97%
eééaulvnz Venezuela
97%
uuuryga Uruguay
96%
irélbs Brésil
89%
aaaugrpy Paraguay
89%
eenarntig Argentine
86%
aaygun Guyana
85%
éeruquat Équateur
83%
ooclibem Colombie
79%
mueinsar Suriname
62%
Aucun quiz correspondant
Distribution des résultats
% des personnes avec chaque résultat
Percentile par nombre de réponses
Votre historique - résultats
Vous n’avez pas pris ce quiz